000 005780000a22001810004500
003 MACL
005 20160424142838.0
008 160424b xxu||||| |||| 00| 0 eng d
040 _aMACL
_cMACL
041 _aHindi
082 _a800
100 _aडॉ रत्‍नाकर पाण्‍डेय
_941245
245 _aउग्र और उनका साहित्‍य
260 _bयूनिवर्सिटी पब्लिकेशन
_c2007
_aदिल्‍ली
350 _a750
650 _aLiteracture
_953883
942 _cHIN
_k800/PAN/L
_2ddc
999 _c41933
_d41933